00803nam a2200241Ia 4500003000400000005001700004008004100021020001800062040000700080041000800087082002600095100002800121245005000149260004900199300001800248365001400266650002900280650002900309906005300338942001200391999001900403952013900422OSt20230403095541.0210423s2008 xx 000 0 und d a9781412909457 cAL aeng a324.730973 223bTUMJ aTUMAN (Joseph S)982158 aPolitical communication in American campaigns aNew DelhibSahitya Bhawan Publicationsc2008 axxiv,278.bPB b2177cINR aPolitical Process982159 aPolitical Science982160 aAmerican ; campaigns ; communication ; Political 2ddccBK c156804d156804 001040708MAJMCaSACPGbSACPGd2009-07-18eCurrent booksg2177.00l0o324.730973 TUMJpPG003279r2022-08-24 00:00:00w2021-04-26yBK